[Event "Helsingor Kronborg Master 2"]
[Site "Helsingor"]
[Date "2025.05.30"]
[Round "4"]
[White "Zander, Emil"]
[Black "Meskenas, Paulius"]
[Result "1-0"]
[WhiteElo "2181"]
[BlackElo "2164"]
[PlyCount "71"]
[EventDate "2025.05.29"]
[EventType "tourn"]
[EventRounds "7"]
[EventCountry "DEN"]
[SourceTitle "CB23_2025"]
[SourceDate "2025.06.04"]
[SourceVersion "1"]
[SourceVersionDate "2025.06.04"]
[SourceQuality "1"]

1. e4 c5 2. Nf3 Nc6 3. Nc3 d6 4. d4 cxd4 5. Nxd4 e5 6. Nf3 Nf6 7. Bg5 Be7 8. Bxf6 gxf6 9. Qd2 a6 10. Bc4 f5 11. 0-0 fxe4 12. Nxe4 Be6 13. Bxe6 fxe6 14. Qh6 Qd7 15. Rfd1 d5 16. Qh5+ Kd8 17. Nxe5 Nxe5 18. Qxe5 Rf8 19. c4 Rf5 20. Qh8+ Qe8 21. Qxh7 Rc8 22. cxd5 Rxd5 23. Rxd5+ exd5 24. Nc3 d4 25. Rd1 Bf6 26. Ne4 Be5 27. Qxb7 Qh5 28. Qb6+ Kd7 29. Rxd4+ Bxd4 30. Qxd4+ Kc7 31. Qa7+ Kd8 32. Qb6+ Rc7 33. Qb8+ Kd7 34. Nf6+ Ke6 35. Qb6+ Kf5 36. g4+ 1-0

[Event "Helsingor Kronborg Master 2"]
[Site "Helsingor"]
[Date "2025.05.29"]
[Round "1"]
[White "Brattgjerd, Isak Vinh"]
[Black "Zander, Emil"]
[Result "0-1"]
[WhiteElo "2208"]
[BlackElo "2181"]
[PlyCount "72"]
[EventDate "2025.05.29"]
[EventType "tourn"]
[EventRounds "7"]
[EventCountry "DEN"]
[SourceTitle "CB23_2025"]
[SourceDate "2025.06.04"]
[SourceVersion "1"]
[SourceVersionDate "2025.06.04"]
[SourceQuality "1"]

1. d4 Nf6 2. Bf4 d5 3. e3 c5 4. Nf3 Nc6 5. c3 Qb6 6. Qb3 c4 7. Qxb6 axb6 8. Na3 Bf5 9. Nb5 Ra5 10. Nc7+ Kd8 11. h3 e6 12. g4 Bg6 13. Be2 b5 14. 0-0 Ne4 15. b4 Nxc3 16. bxa5 Nxe2+ 17. Kh2 Nxf4 18. Nxb5 Nd3 19. Nh4 Bb4 20. a3 Bxa5 21. f4 Be4 22. Nd6 Ke7 23. Nxe4 dxe4 24. Rab1 b6 25. f5 c3 26. fxe6 fxe6 27. d5 c2 28. Rbc1 Nxc1 29. Rxc1 exd5 30. Rxc2 Kd7 31. Nf5 g6 32. Nh6 Ne5 33. g5 Rc8 34. Rxc8 Kxc8 35. Ng8 d4 36. exd4 e3 0-1

[Event "Copenhagen Obro CXU New Year op"]
[Site "Copenhagen"]
[Date "2024.12.28"]
[Round "3"]
[White "Gjesme, Marius Enevold"]
[Black "Zander, Emil"]
[Result "1-0"]
[WhiteElo "2118"]
[BlackElo "2214"]
[PlyCount "83"]
[EventDate "2024.12.27"]
[EventType "swiss"]
[EventRounds "7"]
[EventCountry "DEN"]
[SourceTitle "CB01_2025"]
[SourceDate "2025.01.01"]
[SourceVersion "1"]
[SourceVersionDate "2025.01.01"]
[SourceQuality "1"]

1. e4 c6 2. d4 d5 3. e5 Bf5 4. h4 h5 5. Bd3 Bxd3 6. Qxd3 Qa5+ 7. Nd2 e6 8. Ngf3 Nh6 9. 0-0 Nf5 10. b3 Be7 11. g3 Qa6 12. c4 c5 13. Qc2 Nc6 14. dxc5 Nfd4 15. Nxd4 Nxd4 16. Qd3 Nc6 17. Qe3 Nxe5 18. Bb2 Ng4 19. Qf4 Bf6 20. Bxf6 Nxf6 21. cxd5 Nxd5 22. Qg5 Kf8 23. Nc4 Qb5 24. Rac1 Rh6 25. Rfd1 Kg8 26. Nd6 Qc6 27. Qe5 Rd8 28. b4 a6 29. a3 Rg6 30. Nc4 Rc8 31. Ne3 Nf6 32. Qf4 Rg4 33. Nxg4 Nxg4 34. Rd6 Qb5 35. Qc4 Qa4 36. Qd3 Ne5 37. Rd8+ Rxd8 38. Qxd8+ Kh7 39. Rc3 a5 40. Qd4 f6 41. f4 axb4 42. fxe5 1-0

[Event "Copenhagen Obro CXU New Year op"]
[Site "Copenhagen"]
[Date "2024.12.27"]
[Round "2"]
[White "Zander, Emil"]
[Black "Skou, Niels"]
[Result "1-0"]
[WhiteElo "2214"]
[BlackElo "2073"]
[PlyCount "95"]
[EventDate "2024.12.27"]
[EventType "swiss"]
[EventRounds "7"]
[EventCountry "DEN"]
[SourceTitle "CB01_2025"]
[SourceDate "2025.01.01"]
[SourceVersion "1"]
[SourceVersionDate "2025.01.01"]
[SourceQuality "1"]

1. e4 e5 2. Nf3 Nc6 3. Bc4 Bc5 4. c3 Nf6 5. d3 a6 6. a4 Ba7 7. 0-0 d6 8. Re1 0-0 9. h3 h6 10. Nbd2 Re8 11. b4 Be6 12. Bxe6 Rxe6 13. Bb2 Ne7 14. Nf1 Ng6 15. c4 Qd7 16. Ng3 Rae8 17. Qc2 Qd8 18. d4 exd4 19. Nxd4 Bxd4 20. Bxd4 c5 21. bxc5 dxc5 22. Bxc5 Qc7 23. Bd4 Qc6 24. Rab1 Rc8 25. c5 b6 26. Qb2 bxc5 27. Rbc1 c4 28. Nf5 Nf4 29. Bxf6 Nd3 30. Qd2 Nxe1 31. Rxe1 c3 32. Qc1 Qc5 33. Bxg7 c2 34. Bxh6 Rce8 35. Ng7 Rxh6 36. Qxh6 Rxe4 37. Rc1 Re2 38. Qf4 Qc3 39. Nf5 Re1+ 40. Kh2 Rxc1 41. Qxc1 Qe5+ 42. Ng3 Qc7 43. Kg1 Qc4 44. Nf5 Qxa4 45. Qg5+ Kf8 46. Qd8+ Qe8 47. Qd6+ Kg8 48. Qg3+ 1-0

[Event "Aalborg Larsen Gp1"]
[Site "Aalborg"]
[Date "2024.10.17"]
[Round "4"]
[White "Zander, Emil"]
[Black "Jacobsen, Mikkel Manosri"]
[Result "1-0"]
[WhiteElo "2131"]
[BlackElo "2322"]
[PlyCount "83"]
[EventDate "2024.10.14"]
[EventType "swiss"]
[EventRounds "5"]
[EventCountry "DEN"]
[SourceTitle "CB43_2024"]
[Source "Chessbase"]
[SourceDate "2024.10.23"]
[SourceVersion "1"]
[SourceVersionDate "2024.10.23"]
[SourceQuality "1"]

1. e4 c6 2. d4 d5 3. e5 c5 4. c3 Nc6 5. Be2 cxd4 6. cxd4 Qb6 7. Nc3 Be6 8. Nf3 Rd8 9. Na4 Qc7 10. Ng5 Bf5 11. e6 Bxe6 12. Nxe6 fxe6 13. Nc5 e5 14. Ne6 Qd6 15. Nxd8 Kxd8 16. dxe5 Qxe5 17. 0-0 e6 18. Re1 Bd6 19. g3 Bb4 20. Bd2 Bxd2 21. Qxd2 Nf6 22. Bb5 Ne4 23. Qe3 Nd4 24. Bd3 Ke7 25. Bxe4 dxe4 26. Qxe4 Qxe4 27. Rxe4 Nc6 28. Rae1 e5 29. f4 Rd8 30. fxe5 Ke6 31. Kg2 Rd5 32. R1e2 h5 33. Kf2 g5 34. h4 Nxe5 35. hxg5 Kf5 36. Kg2 a5 37. Rxe5+ Rxe5 38. Rxe5+ Kxe5 39. Kh3 Kf5 40. Kh4 Kg6 41. a4 b6 42. b3 1-0

[Event "EU-ch U14"]
[Site "Prague"]
[Date "2024.08.22"]
[Round "1"]
[White "Zander, Emil"]
[Black "Ropovik, Samuel"]
[Result "1-0"]
[WhiteElo "2152"]
[BlackElo "1896"]
[PlyCount "69"]
[EventDate "2024.08.22"]
[EventType "swiss"]
[EventRounds "9"]
[EventCountry "CZE"]
[SourceTitle "CBM 221 Extra"]
[Source "ChessBase"]
[SourceDate "2024.09.30"]
[SourceVersion "1"]
[SourceVersionDate "2024.09.30"]
[SourceQuality "1"]

1. e4 c5 2. Nf3 d6 3. d4 cxd4 4. Nxd4 Nf6 5. Nc3 Nc6 6. Bg5 e6 7. Qd2 a6 8. 0-0-0 Bd7 9. Kb1 Be7 10. Nxc6 Bxc6 11. f3 b5 12. h4 h6 13. Be3 h5 14. Ne2 Qc7 15. Nd4 Bd7 16. Bg5 Rb8 17. Bd3 a5 18. f4 b4 19. f5 e5 20. Bxf6 Bxf6 21. Nf3 a4 22. Rhe1 0-0 23. Ng5 g6 24. Qe2 Rfc8 25. Ba6 Re8 26. Bc4 Bxg5 27. fxg6 Be6 28. gxf7+ Qxf7 29. Bxe6 Rxe6 30. hxg5 b3 31. cxb3 axb3 32. a3 Rc8 33. Rf1 Rc2 34. Qe3 Qc7 35. Qxb3 1-0